15 Monuments célèbres - Statistiques

Statistiques générales
  • Ce quiz a été pris 80 fois
  • Le résultat moyen est 12 sur 15
Statistiques - réponses
Par images Réponse % Correct
Statue de la liberté
99%
Tour Eiffel
96%
Musée du Louvre
93%
Taj mahal
93%
Tour de Pise
93%
Tour Elisabeth
93%
Pyramide de Gizeh
92%
Maison blanche
90%
Notre-dame de Paris
89%
Christ rédampteur
85%
Colisée
85%
Sphinx de Gizeh
75%
Palais de Versailles
63%
Place rouge
19%
Burj kahlifa
3%
Aucun quiz correspondant
Distribution des résultats
% des personnes avec chaque résultat
Percentile par nombre de réponses
Votre historique - résultats
Vous n’avez pas pris ce quiz